| Tag |
First Indicator |
Second Indicator |
Subfields |
| LEADER |
00000cam a2200000Ia 4500 |
| 001 |
in00004147521 |
| 006 |
m o d |
| 007 |
cr |n||||||||| |
| 008 |
200224s2020 enk ob 001 0 eng d |
| 005 |
20221130131506.8 |
| 020 |
|
|
|a 9780081025000
|q (electronic bk.)
|
| 020 |
|
|
|a 0081025009
|q (electronic bk.)
|
| 020 |
|
|
|z 9780081024997
|
| 020 |
|
|
|z 0081024991
|
| 024 |
8 |
|
|a 99986227879
|
| 035 |
|
|
|a (NhCcYBP)ebc6118598
|
| 035 |
|
|
|a in00004147521
|
| 037 |
|
|
|a 9780081025000
|b Ingram Content Group
|
| 040 |
|
|
|a NhCcYBP
|c NhCcYBP
|d UtOrBLW
|
| 050 |
|
4 |
|a TP1120
|b .M55 2020
|
| 082 |
0 |
4 |
|a 620.1923
|2 23
|
| 100 |
1 |
|
|a Mills, N. J.
|q (Nigel J.)
|0 http://id.loc.gov/authorities/names/n86818277
|
| 245 |
1 |
0 |
|a Plastics :
|b microstructure and engineering applications /
|c Nigel Mills, Mike Jenkins, Stephen Kukureka.
|
| 250 |
|
|
|a 4th ed.
|
| 264 |
|
1 |
|a Kidlington, Oxford :
|b Butterworth-Heinemann,
|c [2020]
|
| 264 |
|
4 |
|c ©2020
|
| 300 |
|
|
|a 1 online resource.
|
| 336 |
|
|
|a text
|2 rdacontent
|b txt
|
| 337 |
|
|
|a computer
|2 rdamedia
|b c
|
| 338 |
|
|
|a online resource
|2 rdacarrier
|b cr
|
| 504 |
|
|
|a Includes bibliographical references and index.
|
| 505 |
0 |
|
|a <P>1. Introduction 2. Molecular structures and polymer manufacture 3. Amorphous polymers and the glass transition 4. Semi-crystalline polymers 5. Processing 6. Effects of melt processing 7. Viscoelastic behaviour 8. Yielding 9. Fracture 10. The ageing of polymers 11. Transport properties 12. Electrical properties 13. Multi-component polymers -- improving the properties of polymers 14. Design: materials, shape selection and design for the environment 15. Engineering case studies</p>
|
| 500 |
|
|
|a Electronic resource.
|
| 650 |
|
0 |
|a Plastics.
|0 http://id.loc.gov/authorities/subjects/sh85103153
|
| 655 |
|
7 |
|a Electronic books.
|2 local
|
| 700 |
1 |
|
|a Jenkins, Mike.
|0 http://id.loc.gov/authorities/names/nb2004012657
|
| 700 |
1 |
|
|a Kukureka, Stephen.
|
| 710 |
2 |
|
|a ProQuest (Firm)
|0 http://id.loc.gov/authorities/names/n2007068018
|
| 776 |
1 |
8 |
|i Print version:
|z 0081024991
|z 9780081024997
|
| 856 |
4 |
0 |
|u https://ebookcentral.proquest.com/lib/tamucs/detail.action?docID=6118598
|z Connect to the full text of this electronic book
|t 0
|
| 945 |
|
|
|b 741591
|
| 955 |
|
|
|a YBP purchased DDA e-records
|
| 980 |
|
|
|b 225.00
|g 1
|
| 987 |
|
|
|a ybp301114175
|
| 999 |
f |
f |
|s ffa55311-92c3-4f31-9d86-2c1b74f7cb83
|i c86149ca-cfe9-3fab-b445-16059e36c549
|t 0
|
| 952 |
f |
f |
|a Texas A&M University
|b College Station
|c Electronic Resources
|d Available Online
|t 0
|e TP1120 .M55 2020
|h Library of Congress classification
|
| 998 |
f |
f |
|a TP1120 .M55 2020
|t 0
|l Available Online
|